=LDR 00000nam 2200000 4500 =001 INLIS000000000026518 =990 ##$$a 00087010 =005 20130612124944 =990 ##$$a 15.091/Pro.82 =008 ***********************************ind** =035 ##$$0010-061300000026518 =041 ##$$a ind =082 ##$$a 320.1 =090 ##$$a 320.1, DIP i =100 ##$$a Diponolo, G.S =245 ##$$a Ilmu Negara, G.S. Diponolo =260 ##$$a 1975 $b Jakarta =300 ##$$a 259 hlm., 21 cm =650 ##$$a Tata Negara =850 ##$$a NBPNMAT